| 000 | 01313nam0a2200313 4500 | ||
|---|---|---|---|
| 001 | RU\NLR\BIBL_A\011796237 | ||
| 005 | 20181003102217.0 | ||
| 010 |
_a978-5-91867-132-0 _9100 |
||
| 021 |
_aRU _bКН-П-18-060374 _9КН-П-18-4342 |
||
| 035 | _a(NLR Aleph) 011796237 | ||
| 035 | _a(RuMoRGB)009714812 | ||
| 090 |
_a11848391 _c11848391 |
||
| 100 | _a20180920d2017 u y0rusy50 ca | ||
| 101 | 0 | _arus | |
| 102 | _aRU | ||
| 105 | _aa j |00zy | ||
| 200 | 1 |
_aСексология _eучебно-методическое пособие для психологов _f[Р. Ф. Ихсанов] |
|
| 210 |
_aСамара _cПорто-Принт _d2017 |
||
| 215 |
_a320 с. _cтабл. _d21 |
||
| 320 | _aБиблиогр.: с. 185-187 (47 назв.) | ||
| 606 | 1 |
_aСексология _jУчебно-методические пособия _2nlr_sh1 _2nlr_sh2 _3RU\NLR\AUTH\66635652 |
|
| 606 | 1 |
_aСексуальные отношения _xПсихологические исследования _jУчебно-методические пособия _2nlr_sh1 _2nlr_sh2 _3RU\NLR\AUTH\661304202 |
|
| 686 | 1 | _aЮ937.3я73 | |
| 686 | 1 | _aР70я73 | |
| 702 | 1 |
_aИхсанов _bР. Ф. _gРадий Фратович _4220 |
|
| 942 | _cBOOK | ||
| 980 | _aNBR | ||
| 980 | _aNB | ||